Economy and Society in Pre-Industrial South Africa. (Record no. 226)

MARC details
000 -LEADER
fixed length control field 00410nam a22001217a 4500
005 - DATE AND TIME OF LATEST TRANSACTION
control field 20200811100309.0
008 - FIXED-LENGTH DATA ELEMENTS--GENERAL INFORMATION
fixed length control field 200810b ||||| |||| 00| 0 eng d
020 ## - INTERNATIONAL STANDARD BOOK NUMBER
International Standard Book Number 0582646561
040 ## - CATALOGING SOURCE
Transcribing agency CML
245 ## - TITLE STATEMENT
Title Economy and Society in Pre-Industrial South Africa.
Statement of responsibility, etc. Marks S. & Atmore A.
260 ## - PUBLICATION, DISTRIBUTION, ETC.
Place of publication, distribution, etc. United States of America
Name of publisher, distributor, etc. Longman Group Ltd.
Date of publication, distribution, etc. 1980
942 ## - ADDED ENTRY ELEMENTS (KOHA)
Source of classification or shelving scheme Dewey Decimal Classification
Koha item type Books
Edition 1st Edition
Classification part 309.168
Call number prefix ECO
Holdings
Withdrawn status Lost status Source of classification or shelving scheme Damaged status Not for loan Collection code Home library Current library Shelving location Date acquired Total Checkouts Full call number Barcode Date last seen Copy number Price effective from Koha item type
    Dewey Decimal Classification     Social Sciences Chalimbana Main Library Chalimbana Main Library Social Sciences 08/10/2020   309.168 MAR 9780582646568 08/10/2020 1 08/10/2020 Books

Powered by Koha